000 01322nam0a2200349 4500
001 RU\NLR\BIBL_A\011599126
005 20250626095553.0
010 _a978-5-17-093018-0
_93000
021 _aRU
_b2017-97387
_97004
035 _a(RuMoRGB)009492035
035 _a(NLR Aleph) 011599126
090 _a10878495
_c10878495
100 _a20180122d2017 |||y0rusy50 ca
101 0 _arus
102 _aRU
105 _aa z 0 y
200 1 _aВисцеральный массаж внутренних органов
_eосновы
_fАлександр Огулов
210 _aМосква
_cПрайм
_cАСТ
_d2017 (макет 2018)
215 _a189 с., [16] л. цв. ил.
_cил.
_d22
225 1 _aКак стать здоровым
_eсовременный самоучитель
225 1 _aПрофессиональная Ассоциация висцеральных терапевтов рекомендует
320 _aБиблиогр.: с. 189
333 _a12+
606 1 _aМассаж висцеральный
_92269879
_3RU\NLR\AUTH\661360547
686 _aР354.15,07
_2rubbk
686 1 _aР354.129
700 1 _aОгулов
_bА. Т.
_gАлександр Тимофеевич.
942 _cBOOK
980 _aNBR
980 _aNB